000 00331nam a2200145Ia 4500
001 R-1255
003 CODICE-MESSINA
005 20260212102504.0
008 260211s9999 xx 000 0 und d
040 _cimportazione_messina
100 _aOriana Fallaci
245 0 _aUn Uomo
260 _bRizzoli Editore
942 _2ddc
_cBK
999 _c27755
_d27755